| 000 | 01105cam a2200277 a 4500 | ||
|---|---|---|---|
| 999 |
_c1560 _d1560 |
||
| 001 | 723721 | ||
| 003 | CoMeUDC | ||
| 005 | 20220601171215.0 | ||
| 008 | 980326s1997 mx r 00010 spa d | ||
| 020 | _a968768156X | ||
| 035 | _aAGE8655 LA | ||
| 040 |
_ala _cCO-UdeC |
||
| 041 | 0 | _aspa | |
| 082 | 0 | 4 |
_a001.42 _bE98 |
| 100 | 1 | _aEyssautier De la Mora, Maurice. | |
| 245 | 1 | 0 |
_aMetodología de la investigación : _bdesarrollo de la inteligencia / _cMaurice Eyssautier De la Mora. |
| 250 | _aTercera edición. | ||
| 260 |
_aMéxico : _bECAFSA, _c2000. |
||
| 300 |
_a302 p. ; _c24 cm. _btablas, gráficos, |
||
| 504 | _aIncluye bibliografía. | ||
| 505 | _aMetódica intelectual -- Enfoques filosóficos del conocimiento científico -- La investigación y el inicio -- Recopilación de datos y metodología científica -- Tratamiento y procesamiento de datos, interpretación y presentación de trabajos de investigación -- Glosario -- Bibliografía complementaria | ||
| 546 | _aEspañol. | ||
| 650 | 0 |
_aMetodología investigación _94 |
|
| 650 | 0 |
_aInvestigación. _91275 |
|
| 942 |
_2ddc _cBK |
||